000 00733 a2200193 4500
003 Nust
005 20240108105606.0
010 _a 84026995
020 _a0534042457
040 _cNust
082 0 0 _a515,GRO
100 1 _aGrossman, Stanley I.
_9103020
245 1 0 _aApplied calculus /
_cStanley I. Grossman.
260 _aBelmont, Calif. :
_bWadsworth,
_cc1985.
300 _axii, 370, [A-1]-A-81 p. :
_bill. (some col.) ;
_c25 cm.
505 _aFunctions and graphs (Page-1), The derivatives (Page-53), Exponential and logarithmic functions (Page-129), Applications of the derivatives (Page-181), Integration (Page- 249), Introduction to multivariable calculus (Page-319).
650 0 _aCalculus.
942 _2ddc
_cBK
_k515,GRO
999 _c181005
_d181005